[Event "Landesliga Nord 1819"]
[Site "Bayern"]
[Date "2018.11.25"]
[Round "3.4"]
[White "Vogt, Thomas"]
[Black "Gietl, Thomas"]
[Result "1/2-1/2"]
[WhiteElo "1912"]
[BlackElo "2101"]
[PlyCount "92"]
[EventDate "2018.10.21"]
[EventType "team-tourn"]
[EventRounds "9"]
[EventCountry "GER"]
[SourceTitle "EXT 2022"]
[Source "ChessBase"]
[SourceDate "2021.10.06"]
[SourceVersion "1"]
[SourceVersionDate "2021.10.06"]
[SourceQuality "1"]
[WhiteTeam "Wuerzburg"]
[BlackTeam "Nuernberg NT II"]
[WhiteTeamCountry "GER"]
[BlackTeamCountry "GER"]

1. e4 d6 2. d4 Nf6 3. Nc3 g6 4. Nf3 Bg7 5. Be3 c6 6. Qd2 Qa5 7. Bd3 Nbd7 8. Bh6 0-0 9. 0-0 Re8 10. Bxg7 Kxg7 11. a4 e5 12. dxe5 dxe5 13. Bc4 h6 14. Qd6 Qc5 15. Qxc5 Nxc5 16. Rfe1 a5 17. h3 Bd7 18. Rad1 Rab8 19. Nd2 b5 20. Nb3 Nxb3 21. Bxb3 Be6 22. Bxe6 Rxe6 23. f3 Ree8 24. Rd6 Rec8 25. Red1 Rb7 26. R1d2 Rcc7 27. Kf2 Nd7 28. axb5 cxb5 29. Nd5 Rc5 30. Ra6 b4 31. Ne3 Nb6 32. b3 Nd7 33. Rad6 Nb6 34. Nd5 Nxd5 35. R6xd5 Rbc7 36. Rxc5 Rxc5 37. Ke2 Kf6 38. Ke3 Rc3+ 39. Kf2 Ke6 40. Ke2 h5 41. Kd1 Rc5 42. Rd8 Ke7 43. Rd3 Ke6 44. Rd8 Ke7 45. Rd3 Kf6 46. Rd2 Ke7 1/2-1/2

[Event "Mittelfranken-chTB1 1718"]
[Site "Mittelfranken"]
[Date "2018.04.08"]
[Round "7.1"]
[White "Gietl, Thomas"]
[Black "Martin Fernandez, Rodrigo"]
[Result "0-1"]
[WhiteElo "2139"]
[BlackElo "2044"]
[PlyCount "76"]
[EventDate "2017.10.08"]
[EventType "team-tourn"]
[EventRounds "9"]
[EventCountry "GER"]
[SourceTitle "EXT 2022"]
[Source "ChessBase"]
[SourceDate "2021.10.06"]
[SourceVersion "1"]
[SourceVersionDate "2021.10.06"]
[SourceQuality "1"]
[WhiteTeam "Muehlhof/Schwabach"]
[BlackTeam "Erlangen SC III"]
[WhiteTeamCountry "GER"]
[BlackTeamCountry "GER"]

1. e4 c5 2. Nf3 e6 3. b4 cxb4 4. d4 Nf6 5. Bd3 d5 6. e5 Ne4 7. Qe2 Nc3 8. 0-0 Be7 9. a3 Nc6 10. Nxc3 bxc3 11. Rb1 Na5 12. h4 h6 13. Nh2 Bd7 14. Qg4 Bf8 15. f4 Qc7 16. Qh5 Nc6 17. Be3 Ne7 18. Qf3 h5 19. f5 exf5 20. e6 fxe6 21. Bf4 Qc6 22. Rfe1 Kf7 23. Qe3 a6 24. a4 Ng6 25. Nf3 Kg8 26. a5 Nxf4 27. Qxf4 Bd6 28. Ne5 Qc7 29. Qg5 Bxe5 30. Rxe5 Rh6 31. Rb6 Bc6 32. Be2 Qd8 33. Qf4 Qf6 34. Rb3 Qd8 35. Rb6 Rc8 36. g3 Qf6 37. Qe3 Rg6 38. Bxh5 f4 0-1

[Event "Mittelfranken-chTB1 1718"]
[Site "Mittelfranken"]
[Date "2018.03.04"]
[Round "6.1"]
[White "Boese, Klaus"]
[Black "Gietl, Thomas"]
[Result "0-1"]
[WhiteElo "1916"]
[BlackElo "2139"]
[PlyCount "102"]
[EventDate "2017.10.08"]
[EventType "team-tourn"]
[EventRounds "9"]
[EventCountry "GER"]
[SourceTitle "EXT 2022"]
[Source "ChessBase"]
[SourceDate "2021.10.06"]
[SourceVersion "1"]
[SourceVersionDate "2021.10.06"]
[SourceQuality "1"]
[WhiteTeam "Bechhofen"]
[BlackTeam "Muehlhof/Schwabach"]
[WhiteTeamCountry "GER"]
[BlackTeamCountry "GER"]

1. d4 f5 2. Nc3 d5 3. Nf3 Nf6 4. Ne5 e6 5. Bg5 Be7 6. e3 Nbd7 7. f4 0-0 8. Be2 c5 9. Qd2 a6 10. Bf3 Qc7 11. Ne2 Nxe5 12. dxe5 Ne4 13. Bxe4 Bxg5 14. Bxd5 Rd8 15. Qc3 exd5 16. fxg5 b5 17. a3 a5 18. Kf2 b4 19. axb4 axb4 20. Qd2 Rxa1 21. Rxa1 Qxe5 22. Ra5 Qc7 23. Ra8 Qb7 24. Ra1 Qe7 25. Ra5 Qc7 26. Ra8 Bb7 27. Rxd8+ Qxd8 28. h4 h6 29. Qd3 hxg5 30. Qxf5 gxh4 31. Qe6+ Kh8 32. Nf4 d4 33. Ng6+ Kh7 34. Ne7 dxe3+ 35. Qxe3 Qd1 36. Qg5 Qd4+ 37. Ke1 Qe4+ 38. Kd1 Qd4+ 39. Ke2 Ba6+ 40. Kf3 Qd1+ 41. Ke4 Qd4+ 42. Kf3 Bb7+ 43. Ke2 Qe4+ 44. Kf1 g6 45. Qxc5 Qxg2+ 46. Ke1 Qe4+ 47. Kd2 Ba6 48. c4 Bxc4 49. Qxb4 h3 50. Qd6 Qd3+ 51. Qxd3 Bxd3 0-1

[Event "Mittelfranken-chTB1 1718"]
[Site "Mittelfranken"]
[Date "2018.02.18"]
[Round "5.1"]
[White "Gietl, Thomas"]
[Black "Leopold, Christian"]
[Result "1/2-1/2"]
[WhiteElo "2139"]
[BlackElo "1958"]
[PlyCount "106"]
[EventDate "2017.10.08"]
[EventType "team-tourn"]
[EventRounds "9"]
[EventCountry "GER"]
[SourceTitle "EXT 2022"]
[Source "ChessBase"]
[SourceDate "2021.10.06"]
[SourceVersion "1"]
[SourceVersionDate "2021.10.06"]
[SourceQuality "1"]
[WhiteTeam "Muehlhof/Schwabach"]
[BlackTeam "Lauf SV"]
[WhiteTeamCountry "GER"]
[BlackTeamCountry "GER"]

1. e4 c5 2. b4 cxb4 3. d4 d5 4. e5 Nc6 5. a3 Bf5 6. axb4 Nxb4 7. Bb5+ Nc6 8. Nf3 e6 9. 0-0 Qb6 10. Be2 Rc8 11. Na3 a6 12. Qd2 Nge7 13. h4 Bg4 14. Rb1 Qc7 15. c3 Nf5 16. Qf4 Bxf3 17. Bxf3 h5 18. Bxd5 Nfxd4 19. cxd4 exd5 20. Qf3 Qd7 21. Nc2 Be7 22. Rd1 g6 23. Ne3 Rd8 24. g3 0-0 25. Ng2 Rb8 26. Nf4 Kg7 27. Nxd5 Qe6 28. Nxe7 Nxe7 29. d5 Qg4 30. Qxg4 hxg4 31. Ba3 Rfe8 32. Bd6 Rbd8 33. Rxb7 Nf5 34. Bc7 Rd7 35. e6 Rde7 36. Be5+ Kf8 37. Rxe7 Kxe7 38. Rb1 fxe6 39. Rb7+ Kf8 40. d6 Rd8 41. Rb6 Ra8 42. Bf6 Ke8 43. Be5 a5 44. f3 gxf3 45. g4 Ne3 46. Rb7 f2+ 47. Kxf2 Nxg4+ 48. Kg3 Nxe5 49. Re7+ Kf8 50. Rxe6 a4 51. Rxe5 a3 52. d7 a2 53. Ra5 Rd8 1/2-1/2

[Event "Mittelfranken-chTB1 1617"]
[Site "Mittelfranken"]
[Date "2017.05.14"]
[Round "9.1"]
[White "Engelmann, Wolfgang"]
[Black "Gietl, Thomas"]
[Result "0-1"]
[WhiteElo "2040"]
[BlackElo "2139"]
[PlyCount "82"]
[EventDate "2016.10.23"]
[EventType "team-tourn"]
[EventRounds "9"]
[EventCountry "GER"]
[SourceTitle "EXT 2022"]
[Source "ChessBase"]
[SourceDate "2021.10.06"]
[SourceVersion "1"]
[SourceVersionDate "2021.10.06"]
[SourceQuality "1"]
[WhiteTeam "Rothenburg"]
[BlackTeam "Muehlhof/Schwabach"]
[WhiteTeamCountry "GER"]
[BlackTeamCountry "GER"]

1. d4 f5 2. c4 Nf6 3. Nc3 g6 4. g3 Bg7 5. Bg2 0-0 6. Nf3 d6 7. 0-0 Nc6 8. d5 Ne5 9. Nxe5 dxe5 10. e4 f4 11. b4 g5 12. Qb3 a6 13. c5 Kh8 14. Bb2 Qe8 15. Rad1 Ng4 16. Ne2 Nxh2 17. Kxh2 Qh5+ 18. Kg1 f3 19. Nf4 Rxf4 20. gxf4 fxg2 21. Kxg2 gxf4 22. Rg1 Bf6 23. Rd3 Bg4 24. Kf1 Rg8 25. Ke1 Qh2 26. Rxg4 Qh1+ 27. Kd2 Rxg4 28. Qd1 Qg2 29. Qf3 h5 30. Ke2 h4 31. a4 Kg7 32. b5 axb5 33. Qxg2 Rxg2 34. a5 Kf7 35. c6 bxc6 36. dxc6 Rg8 37. Rb3 Rh8 38. Kf1 Rg8 39. Ba3 e6 40. Rxb5 h3 41. Rb3 h2 0-1

[Event "Landesliga Nord 1112"]
[Site "Bayern"]
[Date "2011.10.23"]
[Round "2.3"]
[White "Gietl, Thomas"]
[Black "Fuhrmann, Max"]
[Result "1/2-1/2"]
[WhiteElo "2171"]
[BlackElo "2096"]
[PlyCount "33"]
[EventDate "2011.10.02"]
[EventType "team-tourn"]
[EventRounds "9"]
[EventCountry "GER"]
[SourceTitle "EXT 2013"]
[Source "ChessBase"]
[SourceDate "2012.11.22"]
[SourceVersion "1"]
[SourceVersionDate "2012.11.22"]
[SourceQuality "1"]
[WhiteTeam "Obernau"]
[BlackTeam "Kelheim"]
[WhiteTeamCountry "GER"]
[BlackTeamCountry "GER"]

1. e4 c6 2. d3 d5 3. Nd2 g6 4. g3 Bg7 5. Bg2 Nf6 6. Ngf3 Nbd7 7. Qe2 0-0 8. 0-0 e5 9. a4 a5 10. exd5 Nxd5 11. Nc4 Qe7 12. Re1 Re8 13. Bd2 b6 14. Rad1 Ba6 15. Ng5 Nc5 16. b3 Rad8 17. f4 1/2-1/2

[Event "Landesliga Nord 1011"]
[Site "Bayern"]
[Date "2011.02.27"]
[Round "7.3"]
[White "Wutz, Christoph"]
[Black "Gietl, Thomas"]
[Result "1/2-1/2"]
[WhiteElo "2203"]
[BlackElo "2171"]
[PlyCount "89"]
[EventDate "2010.10.10"]
[EventType "team-tourn"]
[EventRounds "9"]
[EventCountry "GER"]
[SourceTitle "EXT 2012"]
[Source "ChessBase"]
[SourceDate "2011.11.24"]
[SourceVersion "1"]
[SourceVersionDate "2011.11.24"]
[SourceQuality "1"]
[WhiteTeam "Neutraubling"]
[BlackTeam "Obernau"]
[WhiteTeamCountry "GER"]
[BlackTeamCountry "GER"]

1. e4 d6 2. d4 Nf6 3. Nc3 g6 4. Nge2 Bg7 5. g3 0-0 6. Bg2 e5 7. 0-0 c6 8. a4 Be6 9. h3 Qc8 10. Kh2 Na6 11. Be3 Nb4 12. a5 Rd8 13. Ra4 Na6 14. Qc1 exd4 15. Nxd4 Bd7 16. Ra3 Re8 17. Bh6 Bh8 18. Rd1 Nc5 19. Qf4 Re5 20. b4 Rh5 21. Bg5 Ncxe4 22. Nxe4 Nxe4 23. Bxe4 Bxh3 24. Kg1 Be5 25. Qe3 Qg4 26. Bf3 Qxg5 27. Qxg5 Rxg5 28. a6 bxa6 29. Nxc6 Re8 30. Rxa6 h5 31. Rxa7 h4 32. Nxe5 Rexe5 33. Kh2 hxg3+ 34. fxg3 Bg4 35. Bxg4 Rxg4 36. Rxd6 Re2+ 37. Kh3 Rxb4 38. Rf6 Rxc2 39. Rfxf7 Rb5 40. Rg7+ Kf8 41. Rxg6 Re2 42. Rh6 Re7 43. Rf6+ Kg7 44. Rxe7+ Kxf6 45. Ra7 1/2-1/2

[Event "Landesliga Nord 1011"]
[Site "Bayern"]
[Date "2011.02.06"]
[Round "6.5"]
[White "Gietl, Thomas"]
[Black "Muehlbauer, Gerhard"]
[Result "1-0"]
[WhiteElo "2171"]
[BlackElo "1918"]
[PlyCount "81"]
[EventDate "2010.10.10"]
[EventType "team-tourn"]
[EventRounds "9"]
[EventCountry "GER"]
[SourceTitle "EXT 2012"]
[Source "ChessBase"]
[SourceDate "2011.11.24"]
[SourceVersion "1"]
[SourceVersionDate "2011.11.24"]
[SourceQuality "1"]
[WhiteTeam "Obernau"]
[BlackTeam "Koetzting"]
[WhiteTeamCountry "GER"]
[BlackTeamCountry "GER"]

1. e4 c5 2. b4 cxb4 3. d4 e6 4. a3 bxa3 5. c3 Nf6 6. Bd3 Be7 7. Nxa3 0-0 8. Ne2 Nc6 9. 0-0 d6 10. f4 Bd7 11. Nc2 Qc7 12. Ne3 a6 13. Bd2 b5 14. e5 Ne8 15. Qb1 g6 16. Ng3 Ng7 17. Ne4 d5 18. Ng5 Be8 19. Ng4 f5 20. Nh6+ Kh8 21. Nf3 Na5 22. Be1 Bc6 23. Nd2 Nc4 24. Rf3 Nh5 25. Qc1 Kg7 26. g4 fxg4 27. Nxg4 a5 28. Nf1 a4 29. Ng3 Nxg3 30. Rxg3 Rf7 31. f5 exf5 32. Nh6 Bf8 33. Bxf5 Kh8 34. Nxf7+ Qxf7 35. Bg4 Ra7 36. Rf3 Qe7 37. Qf4 Bg7 38. Bg3 a3 39. e6 Kg8 40. Qb8+ Bf8 41. Rxf8+ 1-0

[Event "Landesliga Nord 1011"]
[Site "Bayern"]
[Date "2011.01.16"]
[Round "5.4"]
[White "Gietl, Thomas"]
[Black "Strube, Frank"]
[Result "1/2-1/2"]
[WhiteElo "2171"]
[BlackElo "2120"]
[PlyCount "41"]
[EventDate "2010.10.10"]
[EventType "team-tourn"]
[EventRounds "9"]
[EventCountry "GER"]
[SourceTitle "EXT 2012"]
[Source "ChessBase"]
[SourceDate "2011.11.24"]
[SourceVersion "1"]
[SourceVersionDate "2011.11.24"]
[SourceQuality "1"]
[WhiteTeam "Obernau"]
[BlackTeam "Bamberg"]
[WhiteTeamCountry "GER"]
[BlackTeamCountry "GER"]

1. e4 c5 2. b4 cxb4 3. a3 d5 4. e5 Nc6 5. d4 Qb6 6. Nf3 Bg4 7. Be3 e6 8. axb4 Bxb4+ 9. c3 Be7 10. Bd3 Nh6 11. 0-0 Nf5 12. Bc1 Nh4 13. Nbd2 Nxf3+ 14. Nxf3 0-0 15. h3 Bh5 16. Bxh7+ Kxh7 17. Ng5+ Bxg5 18. Qxh5+ Bh6 19. g4 f6 20. exf6 Rxf6 21. g5 1/2-1/2

[Event "Landesliga Nord 1011"]
[Site "Bayern"]
[Date "2010.10.10"]
[Round "1.5"]
[White "Gietl, Thomas"]
[Black "Maurer, Christian"]
[Result "1/2-1/2"]
[WhiteElo "2171"]
[BlackElo "2050"]
[PlyCount "61"]
[EventDate "2010.10.10"]
[EventType "team-tourn"]
[EventRounds "9"]
[EventCountry "GER"]
[SourceTitle "EXT 2012"]
[Source "ChessBase"]
[SourceDate "2011.11.24"]
[SourceVersion "1"]
[SourceVersionDate "2011.11.24"]
[SourceQuality "1"]
[WhiteTeam "Obernau"]
[BlackTeam "Kelheim"]
[WhiteTeamCountry "GER"]
[BlackTeamCountry "GER"]

1. e4 e5 2. Nf3 Nc6 3. Bc4 Bc5 4. c3 Nf6 5. d4 exd4 6. 0-0 Nxe4 7. cxd4 d5 8. dxc5 dxc4 9. Qxd8+ Kxd8 10. Ng5 Nxg5 11. Bxg5+ f6 12. Bf4 Nb4 13. Na3 Nd3 14. Bg3 Nxb2 15. Rab1 c3 16. Rbc1 Bd7 17. Rxc3 Kc8 18. Rb1 Re8 19. f3 Na4 20. Rc4 a6 21. Kf2 Re7 22. Rbb4 Rb8 23. Nc2 Bb5 24. Rxa4 Bxa4 25. Rxa4 Kd7 26. Nd4 Rbe8 27. Rb4 Kc8 28. a4 g6 29. Bf4 Re1 30. Rb2 Ra1 31. Rb4 1/2-1/2

[Event "Regionalliga NW 0809"]
[Site "Bayern"]
[Date "2008.11.30"]
[Round "3.3"]
[White "Shashkin, Igor"]
[Black "Gietl, Thomas"]
[Result "1-0"]
[WhiteElo "2056"]
[BlackElo "2176"]
[PlyCount "81"]
[EventDate "2008.10.05"]
[EventType "team-tourn"]
[EventRounds "9"]
[EventCountry "GER"]
[SourceTitle "EXT 2020"]
[Source "ChessBase"]
[SourceDate "2019.10.17"]
[SourceVersion "1"]
[SourceVersionDate "2019.10.17"]
[SourceQuality "1"]
[WhiteTeam "Hof"]
[BlackTeam "Obernau"]
[WhiteTeamCountry "GER"]
[BlackTeamCountry "GER"]

1. d4 d6 2. e4 Nf6 3. Nc3 g6 4. g3 Bg7 5. Bg2 0-0 6. Nge2 Nbd7 7. 0-0 e5 8. h3 Re8 9. Be3 c6 10. a4 Qe7 11. a5 Nf8 12. Qd2 Be6 13. f4 Bc4 14. dxe5 dxe5 15. f5 Red8 16. Qe1 gxf5 17. Rxf5 Ne8 18. Kh2 Ne6 19. Rf2 Nd4 20. Ng1 Nc7 21. Nf3 Nxf3+ 22. Bxf3 Be6 23. Na4 Nb5 24. c3 Kh8 25. Nc5 Nd6 26. b3 Bc8 27. Bh5 f5 28. Qc1 f4 29. Bd2 Nf5 30. exf5 Qxc5 31. Qe1 Bxf5 32. gxf4 Rd3 33. Bg4 e4 34. Re2 Rad8 35. Be3 Qf8 36. Qh4 Bg6 37. Rf1 Rxc3 38. f5 Be5+ 39. Bf4 Bxf4+ 40. Rxf4 Bf7 41. Qf6+ 1-0

[Event "Regionalliga NW 0809"]
[Site "Bayern"]
[Date "2008.10.26"]
[Round "2.2"]
[White "Kannenberg, Karl Heinz"]
[Black "Gietl, Thomas"]
[Result "1-0"]
[WhiteElo "2132"]
[BlackElo "2176"]
[PlyCount "125"]
[EventDate "2008.10.05"]
[EventType "team-tourn"]
[EventRounds "9"]
[EventCountry "GER"]
[SourceTitle "EXT 2020"]
[Source "ChessBase"]
[SourceDate "2019.10.17"]
[SourceVersion "1"]
[SourceVersionDate "2019.10.17"]
[SourceQuality "1"]
[WhiteTeam "Kitzingen"]
[BlackTeam "Obernau"]
[WhiteTeamCountry "GER"]
[BlackTeamCountry "GER"]

1. Nf3 d6 2. d4 Nf6 3. e3 g6 4. Be2 Bg7 5. 0-0 0-0 6. c4 Nbd7 7. Nc3 e5 8. Qc2 Re8 9. b3 e4 10. Nd2 Qe7 11. Bb2 c5 12. dxc5 dxc5 13. Rad1 Nb6 14. a4 Bf5 15. Qb1 Nbd7 16. Qa1 Bf8 17. Nd5 Nxd5 18. cxd5 Qg5 19. Kh1 Nb6 20. Nc4 Nxc4 21. bxc4 Bd6 22. Bg7 Bd7 23. a5 f5 24. g3 Qe7 25. Bf6 Qf7 26. Rb1 Rab8 27. Rfd1 Rf8 28. Be5 Qe7 29. Bxd6 Qxd6 30. Rb3 Rf7 31. Rdb1 Qc7 32. Qc3 Be8 33. R3b2 Qd6 34. Bd1 Qc7 35. Ra2 h5 36. Kg2 h4 37. Rd2 Qd6 38. h3 Rh7 39. Be2 Bd7 40. g4 fxg4 41. hxg4 Rf8 42. Rf1 Rhf7 43. Bd1 Bc8 44. Qb2 Re8 45. Rh1 g5 46. Rh3 Ref8 47. Qc2 Re8 48. Qc3 Ref8 49. Qc2 Re7 50. Qc3 Rf6 51. Qb2 Ref7 52. Qc2 Qf8 53. Kg1 Qe7 54. Qb2 Qd6 55. Qc2 Re7 56. Qc3 Ref7 57. Qc2 Qe7 58. Qb2 Qd8 59. Qc3 Bd7 60. Rh2 Qc8 61. Qe5 Bxg4 62. Rg2 Rf3 63. Qxe4 1-0

[Event "Oberliga Bayern 0203"]
[Site "Bayern"]
[Date "2003.02.09"]
[Round "6.3"]
[White "Gietl, Thomas"]
[Black "Herb, Stefan"]
[Result "1-0"]
[WhiteElo "2214"]
[BlackElo "2059"]
[PlyCount "68"]
[EventDate "2002.10.20"]
[EventType "team"]
[EventRounds "9"]
[EventCountry "GER"]
[SourceTitle "EXT 2004"]
[Source "ChessBase"]
[SourceDate "2003.11.25"]
[SourceVersion "1"]
[SourceVersionDate "2003.11.25"]
[SourceQuality "1"]
[WhiteTeam "Schwabing"]
[BlackTeam "Haunstetten"]
[WhiteTeamCountry "GER"]
[BlackTeamCountry "GER"]

1. e4 c6 2. d4 d5 3. e5 Bf5 4. h4 h5 5. c4 e6 6. Nc3 dxc4 7. Bxc4 Nd7 8. Nge2 Nb6 9. Bb3 Be7 10. Ng3 Bg6 11. Nce4 Nd5 12. 0-0 Qd7 13. Bg5 f6 14. exf6 gxf6 15. Bd2 0-0-0 16. Qe2 Kb8 17. Rfe1 Bf7 18. a4 Nh6 19. a5 a6 20. Rac1 Rdg8 21. Bxd5 exd5 22. Bf4+ Ka7 23. Nc3 Bd8 24. Qd2 Nf5 25. Na4 Nxh4 26. Nc5 Qc8 27. Re3 Rg7 28. Rb3 Be8 29. Re1 Nxg2 30. Kxg2 h4 31. Qe2 Bh5 32. Qd3 Bg6 33. Qf1 Be4+ 34. Rxe4 Qh3+ 1-0

[Event "Bayern-ch 73rd"]
[Site "Pfarrkirchen"]
[Date "2002.08.31"]
[Round "9"]
[White "Gietl, Thomas"]
[Black "Schapotschnikov, Philipp"]
[Result "0-1"]
[WhiteElo "2214"]
[BlackElo "2108"]
[PlyCount "48"]
[EventDate "2002.08.24"]
[EventType "swiss"]
[EventRounds "9"]
[EventCountry "GER"]
[SourceTitle "EXT 2015"]
[Source "ChessBase"]
[SourceDate "2014.11.20"]
[SourceVersion "1"]
[SourceVersionDate "2014.11.20"]
[SourceQuality "1"]

1. e4 e6 2. Nf3 d5 3. e5 c5 4. b4 b6 5. Be2 Nh6 6. 0-0 Nf5 7. c3 cxb4 8. cxb4 Be7 9. d4 0-0 10. a3 Bd7 11. Bd3 Nc6 12. Bc2 Qc7 13. Qd3 f6 14. b5 Na5 15. g4 Bxb5 16. Qxb5 Qxc2 17. Qd7 Nb3 18. Qxe6+ Rf7 19. gxf5 Nxa1 20. Be3 Nb3 21. exf6 Bxf6 22. Bf4 Qe4 23. Ng5 Bxg5 24. Bxg5 Qxf5 0-1

[Event "Bayern-ch 73rd"]
[Site "Pfarrkirchen"]
[Date "2002.08.28"]
[Round "6"]
[White "Gietl, Thomas"]
[Black "Buchner, Rudolf"]
[Result "0-1"]
[WhiteElo "2214"]
[BlackElo "2189"]
[PlyCount "100"]
[EventDate "2002.08.24"]
[EventType "swiss"]
[EventRounds "9"]
[EventCountry "GER"]
[SourceTitle "EXT 2015"]
[Source "ChessBase"]
[SourceDate "2014.11.20"]
[SourceVersion "1"]
[SourceVersionDate "2014.11.20"]
[SourceQuality "1"]

1. e4 e5 2. Nf3 Nc6 3. Bb5 a6 4. Ba4 Nf6 5. 0-0 Be7 6. Qe2 b5 7. Bb3 d6 8. c3 0-0 9. h3 Na5 10. Bc2 c5 11. d4 Qc7 12. d5 Bd7 13. Nbd2 Nb7 14. c4 g6 15. Kh2 Nh5 16. g3 Na5 17. b3 bxc4 18. bxc4 Rab8 19. Re1 Nb7 20. Nf1 Ng7 21. Ne3 f5 22. exf5 gxf5 23. Ng2 Nd8 24. Bd2 Nf7 25. Nfh4 Bf6 26. Rab1 Rbe8 27. Qd1 e4 28. f4 exf3 29. Nxf3 Ne5 30. Nxe5 dxe5 31. Rf1 Qd6 32. Ba5 Rb8 33. Qd2 Be7 34. Qe2 Rxb1 35. Bxb1 Qf6 36. Bc3 Bd6 37. Nf4 Qh6 38. Bxe5 Re8 39. Nd3 f4 40. g4 Bxe5 41. Nxe5 Qg5 42. Qe4 Qxe5 43. Qxf4 Qxf4+ 44. Rxf4 Re1 45. Be4 a5 46. Kg3 a4 47. Kh4 Re3 48. Kg5 Rxh3 49. Kf6 Kf8 50. Bxh7 Rxh7 0-1

[Event "Bayern-ch 73rd"]
[Site "Pfarrkirchen"]
[Date "2002.08.27"]
[Round "5"]
[White "Huch, Reiner"]
[Black "Gietl, Thomas"]
[Result "1-0"]
[WhiteElo "2264"]
[BlackElo "2214"]
[PlyCount "90"]
[EventDate "2002.08.24"]
[EventType "swiss"]
[EventRounds "9"]
[EventCountry "GER"]
[SourceTitle "EXT 2015"]
[Source "ChessBase"]
[SourceDate "2014.11.20"]
[SourceVersion "1"]
[SourceVersionDate "2014.11.20"]
[SourceQuality "1"]

1. d4 f5 2. Nc3 Nf6 3. Bg5 e6 4. e4 fxe4 5. Nxe4 Be7 6. Bxf6 Bxf6 7. Nf3 Nc6 8. c3 0-0 9. Bd3 d5 10. Nxf6+ Qxf6 11. Qe2 Bd7 12. 0-0 Rae8 13. Bb5 Nb8 14. Bd3 Nc6 15. Rae1 Re7 16. Qc2 g6 17. Ne5 Nxe5 18. Rxe5 c5 19. f4 Rc8 20. Qf2 cxd4 21. Qxd4 a6 22. Rxd5 Qf7 23. Rd6 Bc6 24. Bc4 Qf5 25. Bb3 Rce8 26. h3 h5 27. Rf2 Be4 28. Re2 Bb1 29. Re5 Qf6 30. Rexe6 Qxd4+ 31. cxd4 Kg7 32. Rxe7+ Rxe7 33. Bd5 Rc7 34. Rb6 a5 35. a3 Rc1+ 36. Kh2 Rd1 37. Rxb7+ Kf8 38. Rb5 Rxd4 39. Rxa5 Ke7 40. b4 Kd6 41. Bf7 Ke7 42. Bd5 Kd6 43. Bf3 Rxf4 44. Rc5 Rd4 45. Rc3 Ba2 1-0

[Event "Bayern-ch 73rd"]
[Site "Pfarrkirchen"]
[Date "2002.08.26"]
[Round "4"]
[White "Gietl, Thomas"]
[Black "Kuhn, Norbert"]
[Result "1-0"]
[WhiteElo "2214"]
[BlackElo "2140"]
[PlyCount "53"]
[EventDate "2002.08.24"]
[EventType "swiss"]
[EventRounds "9"]
[EventCountry "GER"]
[SourceTitle "EXT 2015"]
[Source "ChessBase"]
[SourceDate "2014.11.20"]
[SourceVersion "1"]
[SourceVersionDate "2014.11.20"]
[SourceQuality "1"]

1. e4 e6 2. Nf3 d5 3. e5 c5 4. b4 cxb4 5. d4 Ne7 6. a3 Nf5 7. axb4 Bxb4+ 8. c3 Be7 9. Bd3 0-0 10. g4 Nh4 11. Nxh4 Bxh4 12. g5 Bxg5 13. Qh5 h6 14. Ba3 f5 15. h4 Be7 16. Rg1 Bxa3 17. Qxh6 Rf7 18. Nxa3 Bd7 19. Kd2 Nc6 20. Rg5 Kf8 21. Qh7 Ke7 22. Rxg7 Qf8 23. Rag1 Nd8 24. Qh6 Rxg7 25. Rxg7+ Nf7 26. Qf6+ Ke8 27. Nb5 1-0

[Event "Bayern-ch 73rd"]
[Site "Pfarrkirchen"]
[Date "2002.08.25"]
[Round "2"]
[White "Gietl, Thomas"]
[Black "Roeder, Gerd"]
[Result "1/2-1/2"]
[WhiteElo "2214"]
[BlackElo "2232"]
[PlyCount "59"]
[EventDate "2002.08.24"]
[EventType "swiss"]
[EventRounds "9"]
[EventCountry "GER"]
[SourceTitle "EXT 2015"]
[Source "ChessBase"]
[SourceDate "2014.11.20"]
[SourceVersion "1"]
[SourceVersionDate "2014.11.20"]
[SourceQuality "1"]

1. e4 e5 2. Nf3 Nf6 3. Nc3 Nc6 4. Bc4 Nxe4 5. Nxe4 d5 6. Bd3 dxe4 7. Bxe4 Bd6 8. d4 Bg4 9. Qd3 Bxf3 10. Bxf3 Nxd4 11. Bxb7 Rb8 12. Be4 Qd7 13. c3 Ne6 14. b4 c5 15. a3 Ke7 16. Be3 g6 17. 0-0 Rhd8 18. Rfd1 a5 19. bxa5 Qb5 20. Qxb5 Rxb5 21. a6 Ra5 22. Bb7 Nc7 23. Kf1 Nxa6 24. c4 Nc7 25. a4 Ne6 26. Bd2 Ra7 27. Bd5 Nd4 28. Rdb1 Nc2 29. Ra2 Nb4 30. Ra3 1/2-1/2

[Event "Bayern-ch 72nd"]
[Site "Freising"]
[Date "2001.09.07"]
[Round "8"]
[White "Bensch, Patrick"]
[Black "Gietl, Thomas"]
[Result "1-0"]
[WhiteElo "2280"]
[BlackElo "2332"]
[PlyCount "80"]
[EventDate "2001.09.01"]
[EventType "swiss"]
[EventRounds "9"]
[EventCountry "GER"]
[SourceTitle "EXT 2015"]
[Source "ChessBase"]
[SourceDate "2014.11.20"]
[SourceVersion "1"]
[SourceVersionDate "2014.11.20"]
[SourceQuality "1"]

1. e4 d6 2. d4 Nf6 3. Nc3 g6 4. Be3 Bg7 5. Qd2 c6 6. Bh6 Bxh6 7. Qxh6 Qa5 8. Bd3 b5 9. a4 b4 10. Nd1 Qh5 11. Qd2 a5 12. Ne2 0-0 13. Ne3 e5 14. dxe5 Qxe5 15. 0-0-0 Ba6 16. f3 Rd8 17. Bxa6 Nxa6 18. Qd4 Qe7 19. Nf4 Nc5 20. b3 Ne8 21. h4 Ne6 22. Nxe6 fxe6 23. h5 c5 24. Qd2 Qg7 25. Kb1 Nf6 26. e5 Nxh5 27. exd6 Ra6 28. Nc4 Nf6 29. Qg5 Raa8 30. Rhe1 h6 31. Qe5 Kh8 32. Rd3 Nd5 33. Qxg7+ Kxg7 34. Rxe6 Kf7 35. Re1 Nf4 36. Rd2 Ne6 37. Rde2 Nf4 38. Re7+ Kf6 39. g3 Nd5 40. R1e6+ Kf5 1-0

[Event "Bayern-ch 72nd"]
[Site "Freising"]
[Date "2001.09.05"]
[Round "6"]
[White "Gietl, Thomas"]
[Black "Reich, Thomas"]
[Result "1/2-1/2"]
[WhiteElo "2332"]
[BlackElo "2356"]
[PlyCount "82"]
[EventDate "2001.09.01"]
[EventType "swiss"]
[EventRounds "9"]
[EventCountry "GER"]
[SourceTitle "EXT 2015"]
[Source "ChessBase"]
[SourceDate "2014.11.20"]
[SourceVersion "1"]
[SourceVersionDate "2014.11.20"]
[SourceQuality "1"]

1. e4 d6 2. d4 Nf6 3. Nc3 g6 4. g3 Bg7 5. Bg2 0-0 6. h3 e5 7. Nge2 Nc6 8. Be3 exd4 9. Nxd4 Nxd4 10. Bxd4 c5 11. Be3 Qe7 12. 0-0 Rd8 13. Re1 Be6 14. Qd2 a6 15. Bg5 Qf8 16. g4 h6 17. Bf4 Rd7 18. Na4 g5 19. Bg3 Qd8 20. Rad1 b5 21. Nc3 b4 22. Nd5 Bxd5 23. exd5 Nh7 24. Rb1 Nf8 25. Be4 Re7 26. f4 Re8 27. fxg5 hxg5 28. Bf5 Rxe1+ 29. Qxe1 Bd4+ 30. Kg2 Qf6 31. Qe4 Ra7 32. Rf1 Re7 33. Qd3 Re3 34. Qxa6 Ng6 35. Bxg6 Qxg6 36. Rf5 f6 37. Bf2 Qe8 38. Bxe3 Qxe3 39. Qd3 Qg1+ 40. Kf3 Qf2+ 41. Ke4 Qe1+ 1/2-1/2